| 000 | 00471nam a22001697a 4500 | ||
|---|---|---|---|
| 003 | OSt | ||
| 005 | 20150317084628.0 | ||
| 008 | 150205b xxu||||| |||| 00| 0 eng d | ||
| 040 | _cBMC | ||
| 082 | _a863.99224 | ||
| 100 | 0 |
_aSalarrué _929497 |
|
| 245 | 1 | 0 |
_aCatleya luna _b: novela _cSalarrué |
| 260 |
_aSan Salvador _bMinisterio de Educación, Dirección de Publicaciones _c[1974] |
||
| 300 |
_a197 p. _c18 cm |
||
| 650 | 2 | 4 |
_929546 _aNovela salvadoreña |
| 942 |
_2ddc _cBK |
||
| 999 |
_c18194 _d18194 |
||